000 00818nas a2200253 4500
001 BR0000250
003 BR-BrBNA
005 20231205101635.0
007 ta
008 230509b bl.|||p| |||| 00| 00por d
040 _aBR-BrBNA
_bpor
_cBiblioteca Nacional de Agricultura
041 _a(Pt)
072 _aA50
100 1 _aCarvalho, Y.M.C. de
100 1 _aKuhn, V.L.
245 1 _aAgricultura familiar no Estado de Sao Paulo: politica e condicoes economicas
650 _aAgricultura Familiar
650 _aPolitica de Desenvolvimento
650 _aPolitica Governamental
650 _aSao Paulo
773 0 _tInformacoes Economicas - Instituto de Economia Agricola (Brazil)
_xISSN 0100-4409
_g(Aug 1999), v. 29(8) p. 15-49
_wBR0000250
909 _a202311
_bLúcia
_c55
_dLúcia Elande
942 _2AGRIS
_n0
_cANA
999 _c162977
_d162977